Výdavky na technické zhodnotenie majetku uplatňované nájomcom v rámci finančného leasingu s príkladom

Čo sa považuje za technické zhodnotenie majetku a ako sa odpisuje. Rekonštrukcia. Modernizácia. Zvýšenie vstupnej alebo zostatkovej ceny. Zmena v posudzovaní technického zhodnotenia plne odpísaného majetku. Odpisovanie technického zhodnotenia nájomcom pri leasingu. Podmienky, za ktorých má právo odp...

ver descrição completa

Na minha lista:
Detalhes bibliográficos
Autor principal: Fehér, Július
Formato: Capítulo de Livro
Idioma:eslovaco
Assuntos:
Tags: Adicionar Tag
Sem tags, seja o primeiro a adicionar uma tag!

MARC

LEADER 00000naa a2200000 4500
001 r039740
005 20230926083432.2
041 0 |a slo 
044 |a SK 
245 1 0 |a Výdavky na technické zhodnotenie majetku uplatňované nájomcom v rámci finančného leasingu s príkladom  |c Július Fehér 
520 |a Čo sa považuje za technické zhodnotenie majetku a ako sa odpisuje. Rekonštrukcia. Modernizácia. Zvýšenie vstupnej alebo zostatkovej ceny. Zmena v posudzovaní technického zhodnotenia plne odpísaného majetku. Odpisovanie technického zhodnotenia nájomcom pri leasingu. Podmienky, za ktorých má právo odpisovať technické zhodnotenie nájomca. Limit 20 000 Sk. Ilustračný príklad. 
610 2 0 |a odpisy 
610 2 0 |a zhodnotenie majetku 
610 2 0 |a majetok 
610 2 0 |a modernizácia 
610 2 0 |a rekonštrukcia 
610 2 0 |a lízing 
610 2 0 |a ceny zostatkové 
610 2 0 |a ceny zostatkové 
100 1 |a Fehér, Július